| 000 | 01093nam a22002657a 4500 | ||
|---|---|---|---|
| 999 |
_c64889 _d64889 |
||
| 005 | 20240530110756.0 | ||
| 008 | 190108s2018 ua a g b 000 0dara d | ||
| 017 |
_a2018/1577 _bمصر. دار الكتب |
||
| 020 | _a9789777801249 | ||
| 040 |
_aEG-CaGPL _cEG-CaGPL |
||
| 082 | 0 | 4 |
_221 _a371.9/ _bأ ج |
| 100 | 0 | _aالسيد عبدالحميد سليمان | |
| 245 | 1 | 2 |
_aالجينوم وصعوبات التعلم : _bشفرة صعوبات التعلم فى الحقيبة الوراثية للبشر / _cالسيد عبدالحميد سليمان |
| 250 | _aط.1 | ||
| 260 |
_aالقاهرة : _bعالم الكتب، _c2018. |
||
| 300 |
_a272 ص. : _bايض ؛ _c24 سم. |
||
| 504 | _aيشتمل على ارجاعات ببليوجرافية | ||
| 650 | 0 | 7 |
_2qrmak _aالتعليم _xاغراضة واهدافة |
| 650 | 0 | 7 |
_2qrmak _aالتخطيط التربوى |
| 650 | 0 | 7 |
_2qrmak _aالفروق الفردية فى التعليم |
| 651 | _2qrmak | ||
| 653 | 0 | _aالجينوم - التعليم الخاص | |
| 942 |
_2ddc _cBK |
||